000 00538nam a2200241Ia 4500
003 OSt
005 20220912150502.0
006 a|||||r|||| 00| 0
007 ta
008 220909b |||||||| |||| 00| 0 eng d
024 _a53538
037 _cTextual
040 _aCSL
_beng
_cCSL
041 _aeng
082 _aI23, L9.1
100 _aSahu B N
245 0 _aRauvolfias
260 _c1979
300 _axix,359p.
_ccm.
650 _aBotany
942 _hI23, L9.1
_cTEXL
_2CC
999 _c48429
_d48429